Sociology for nurses. (Record no. 7623)
[ view plain ]
| 000 -LEADER | |
|---|---|
| fixed length control field | 00442nam a22001697a 4500 |
| 008 - FIXED-LENGTH DATA ELEMENTS--GENERAL INFORMATION | |
| fixed length control field | 190207b ||||| |||| 00| 0 eng d |
| 020 ## - INTERNATIONAL STANDARD BOOK NUMBER | |
| International Standard Book Number | 9781509505418 |
| 082 ## - DEWEY DECIMAL CLASSIFICATION NUMBER | |
| Classification number | 610.73 DEN |
| 100 ## - MAIN ENTRY--PERSONAL NAME | |
| Personal name | Denny, Elaine | Earle, Sarah | Hewison, Alistair |
| 245 ## - TITLE STATEMENT | |
| Title | Sociology for nurses. |
| 250 ## - EDITION STATEMENT | |
| Edition statement | 3rd ed. |
| 300 ## - PHYSICAL DESCRIPTION | |
| Extent | xvi, 364 p. |
| Dimensions | 25 cm. |
| 600 ## - SUBJECT ADDED ENTRY--PERSONAL NAME | |
| Personal name | Denny, Elaine. |
| Personal name | Earle, Sarah |
| Personal name | Hewison, Alistair. |
| 942 ## - Added entry Elements (Koha) | |
| Source of classification or shelving scheme | Dewey Decimal Classification |
| Withdrawn status | Lost status | Source of classification or shelving scheme | Damaged status | Not for loan | Collection code | Home library | Current library | Shelving location | Date acquired | Serial Enumeration / chronology | Total Checkouts | Total Renewals | Full call number | Barcode | Date last seen | Date last checked out | Price effective from | Koha item type |
|---|---|---|---|---|---|---|---|---|---|---|---|---|---|---|---|---|---|---|
| Dewey Decimal Classification | Main TEST | RTC Library | RTC Library | Main opac | 07/02/2019 | 13386 | 14 | 12 | 610.73 DEN | 30013020 | 29/08/2024 | 23/08/2024 | 07/02/2019 | Main | ||||
| Dewey Decimal Classification | Main TEST | RTC Library | RTC Library | Main opac | 15/02/2019 | 13446 | 10 | 10 | 610.73 DEN | 30013463 | 04/09/2024 | 13/08/2024 | 15/02/2019 | Main | ||||
| Dewey Decimal Classification | Main TEST | RTC Library | RTC Library | Main opac | 07/02/2019 | 18734 | 610.73 DEN C.1 | 30019916 | 02/09/2024 | 07/02/2019 | Main | |||||||
| Dewey Decimal Classification | Main TEST | RTC Library | RTC Library | Main opac | 07/02/2019 | 18735 | 610.73 DEN C.2 | 30019860 | 02/09/2024 | 07/02/2019 | Main | |||||||
| Dewey Decimal Classification | Main TEST | RTC Library | RTC Library | Main opac | 07/02/2019 | 18736 | 610.73 DEN C.3 | 30019859 | 02/09/2024 | 07/02/2019 | Main | |||||||
| Dewey Decimal Classification | Main TEST | RTC Library | RTC Library | Main opac | 07/02/2019 | 18737 | 2 | 610.73 DEN C.4 | 30019896 | 05/12/2025 | 27/11/2025 | 07/02/2019 | Main |